| 000 | 00690nam a2200217Ia 4500 | ||
|---|---|---|---|
| 003 | IN-BaIIA | ||
| 008 | 211028s9999 xx 000 0 eng d | ||
| 040 | _cIIA Library | ||
| 080 |
_a523.942.3 _bBRA |
||
| 100 |
_aBray, R. J. _94213 |
||
| 245 | 4 |
_aThe solar granulation _cR. J. Bray and R. E. Loughhead |
|
| 260 |
_aLondon _bChapman and Hall _c1967 |
||
| 300 | _axiii,150p. | ||
| 490 | _aThe international Astrophysics series v. 8 | ||
| 500 | _aDonated by Mrs. Bappu | ||
| 650 | _aAstronomy and Astrophysics Thesaurus | ||
| 650 |
_aSolar Granulation _912732 |
||
| 650 |
_aSun _91200 |
||
| 700 |
_aLoughhead, R. E. _94214 |
||
| 942 | _cBK | ||
| 999 |
_c7455 _d7455 |
||